Statistics for Match the random country with their capital (Europe)

Click here to take the quiz!

General Stats

  • This quiz has been taken 757 times
  • The average score is 9 of 10

Answer Stats

HintAnswer% Correct
PortugalLisbon
100%
EnglandLondon
100%
SpainMadrid
100%
RussiaMoscow
100%
ItalyRome
100%
GermanyBerlin
99%
IrelandDublin
99%
UkraineKyiv
99%
NorwayOslo
99%
FranceParis
99%
Czech RepublicPrague
99%
Vatican CityVatican City
99%
AustriaVienna
99%
GreeceAthens
98%
United KingdomLondon
98%
MonacoMonaco
98%
PolandWarsaw
98%
NetherlandsAmsterdam
97%
SwitzerlandBern
97%
DenmarkCopenhagen
97%
ScotlandEdinburgh
97%
FinlandHelsinki
97%
LuxembourgLuxembourg
97%
San MarinoSan Marino
97%
SwedenStockholm
97%
CroatiaZagreb
97%
BelgiumBrussels
96%
BulgariaSofia
95%
IcelandReykjavik
94%
HungaryBudapest
93%
Northern IrelandBelfast
92%
AndorraAndorra la Vella
91%
LatviaRiga
91%
RomaniaBucharest
90%
BelarusMinsk
90%
Bosnia and HerzegovinaSarajevo
88%
EstoniaTallinn
87%
SloveniaLjubljana
84%
WalesCardiff
83%
AlbaniaTirana
83%
MaltaValletta
83%
SerbiaBelgrade
82%
North MacedoniaSkopje
82%
LiechtensteinVaduz
82%
MontenegroPodgorica
81%
LithuaniaVilnius
81%
MoldovaChisinau
79%
SlovakiaBratislava
78%
KosovoPristina
70%

Score Distribution

Percentile by Number Answered

Percent of People with Each Score

Your Score History

You have not taken this quiz